000 00518nam a2200181Ia 4500
008 090123s9999 xx 000 0 und d
082 _b42694
100 _aटोळ दत्ता श्री
245 _aधाडसी बालके
250 _a1
260 _c1999
300 _a36
600 _aटोळ दत्ता श्री
630 _aधाडसी बालके
700 _aटोळ दत्ता श्री
730 _aधाडसी बालके
942 _cBOOK
999 _c80771
_d80771